| 000 | 00650aam a2200229 4500 | ||
|---|---|---|---|
| 005 | 20161215140944.0 | ||
| 008 | 150413b xxu||||| |||| 00| 0 spa d | ||
| 041 | _aspa | ||
| 082 | _a005.3 S785i | ||
| 100 |
_aStanek, Willian _935571 |
||
| 245 | _aIntroducción a windows vista | ||
| 260 |
_aEspaña _bMcGraw-Hill _c2007 |
||
| 300 | _a298 páginas | ||
| 650 |
_aPROGRAMAS PARA COMPUTACION _935572 |
||
| 650 |
_aWINDOWS VISTA _97359 |
||
| 650 |
_aSEGURIDAD _9395 |
||
| 650 |
_aPROTECCION DE EQUIPO _935573 |
||
| 650 |
_aADMINISTRACION DE INFORMACION _935574 |
||
| 650 |
_aINTERNET _935575 |
||
| 650 |
_aREDES DE COMPUTADORES _96512 |
||
| 942 | _cBK | ||
| 999 |
_c4565 _d4565 |
||